Premier League Sole Country Representatives - Statistics

General Stats
  • This quiz has been taken 29 times
  • The average score is 6 of 17
Answer Stats
Country Player Club(s) # % Correct
Armenia Henrikh Mkhitaryan ArsenalManchester United 78
83%
Kenya Victor Wanyama SouthamptonTottenham Hotspur 154
70%
Oman Ali Al-Habsi Bolton WanderersWigan Athletic 111
61%
Philippines Neil Etheridge Cardiff City 38
48%
Cuba Onel Hernández Norwich City 26
48%
Tanzania Mbwana Samatta Aston Villa 14
43%
Gambia Modou Barrow Swansea City 51
43%
Dominican Republic Junior Firpo Leeds United 43
39%
Gibraltar Danny Higginbotham Derby CountyManchester United Nottingham Forest Southampton Stoke City Sunderland 209
30%
Indonesia Jordi Amat Swansea City 52
26%
Guatemala Nathaniel Méndez-Laing Cardiff City 20
22%
Faroe Islands Gunnar Nielsen Manchester City 1
17%
Suriname Ryan Donk West Bromwich Albion 16
13%
Pakistan Zesh Rehman Fulham 21
13%
Malta Dylan Kerr Leeds United 5
9%
Central African Republic Frédéric Nimani Burnley 2
9%
Guinea-Bissau Mesca Fulham 1
9%
No matching quizzes found
Score Distribution
Percent of People with Each Score
Percentile by Number Answered
Your Score History
You have not taken this quiz